000 00786cam a2200217 i 4500
005 20251108173636.0
008 250721s2007 jo gr 000 0 ara d
020 _a9957116843
082 1 4 _a001.42
_bر ف ا
100 1 _aالرفاعي، أحمد حسين
_eمؤلف.
245 1 0 _aمناهج البحث العلمي :
_bتطبيقات ادارية واقتصادية /
_cالدكتور احمد حسين الرفاعي.
250 _aالطبعة الخامسة.
264 3 1 _aعمان :
_bدار وائل للنشر والتوزيع،
_c2007.
300 _a311 صفحة.
650 1 7 _aالأبحاث.
650 1 7 _aالإدارة.
650 1 7 _aالإقتصاد.
650 1 7 _aأساليب البحث.
942 _2ddc
_cBK
999 _c108839
_d108839